[Event "IECG QN.2002.0.00219"]
[Site "IECG email"]
[Date "2002.04.07"]
[Round "?"]
[White "Bondorowicz, Stefan"]
[Black "Marples, Carl"]
[Result "1-0"]
[WhiteElo "800"]
[BlackElo "800"]
[PlyCount "47"]
[EventDate "2002.04.07"]
[EventType "tourn (corr)"]
[EventRounds "6"]
[SourceTitle "Corr 2008"]
[Source "ChessBase"]
[SourceDate "2008.06.24"]
[SourceVersion "1"]
[SourceVersionDate "2008.06.24"]
[SourceQuality "1"]

1. d4 d5 2. c4 Nf6 3. cxd5 Nxd5 4. e4 Nf6 5. Nc3 e6 6. Nf3 Bb4 7. Bg5 Be7 8. Bb5+ c6 9. Ba4 0-0 10. 0-0 Nbd7 11. Rc1 h6 12. Bf4 Nh5 13. Be3 Bg5 14. Nxg5 Ndf6 15. e5 hxg5 16. Bxg5 b5 17. Bb3 b4 18. Ne4 Qb6 19. exf6 g6 20. g4 Ba6 21. Re1 Rad8 22. gxh5 gxh5 23. Qxh5 Rxd4 24. Qh6 1-0

[Event "IECG QN.2002.0.00219"]
[Site "IECG email"]
[Date "2002.04.07"]
[Round "?"]
[White "Bondorowicz, Stefan"]
[Black "Simoni, William"]
[Result "1-0"]
[WhiteElo "800"]
[BlackElo "800"]
[PlyCount "94"]
[EventDate "2002.04.07"]
[EventType "tourn (corr)"]
[EventRounds "6"]
[SourceTitle "Corr 2008"]
[Source "ChessBase"]
[SourceDate "2008.06.24"]
[SourceVersion "1"]
[SourceVersionDate "2008.06.24"]
[SourceQuality "1"]

1. d4 d5 2. c4 e6 3. Nc3 Nf6 4. cxd5 exd5 5. Bg5 Bb4 6. e3 0-0 7. Bd3 h6 8. Bh4 c5 9. Nge2 Nbd7 10. 0-0 c4 11. Bc2 Nb6 12. a3 Bxc3 13. Nxc3 Bg4 14. Bxf6 Bxd1 15. Bxd8 Bxc2 16. Bxb6 axb6 17. Nxd5 b5 18. Rac1 Bd3 19. Rfd1 Rad8 20. Nc3 b4 21. axb4 Bf5 22. e4 Bd7 23. Nd5 Rfe8 24. f3 Ba4 25. Rd2 Bb3 26. Ne3 b5 27. Ra1 Rd7 28. Ra5 Red8 29. d5 Rb8 30. Nf5 Ba4 31. Nd4 g6 32. Nc6 Rc8 33. Nd4 Rb8 34. Nc6 Rc8 35. Ne5 Re7 36. f4 f6 37. d6 Re6 38. Nxg6 Rd8 39. e5 fxe5 40. Ne7+ Kf7 41. Ra7 Ke8 42. fxe5 Rd7 43. Ra8+ Rd8 44. Rxd8+ Kxd8 45. Nc6+ Kd7 46. Nb8+ Kd8 47. Rf2 c3 1-0

[Event "IECG QN.2002.0.00219"]
[Site "IECG email"]
[Date "2002.04.07"]
[Round "?"]
[White "Marples, Carl"]
[Black "Bondorowicz, Stefan"]
[Result "0-1"]
[WhiteElo "800"]
[BlackElo "800"]
[PlyCount "48"]
[EventDate "2002.04.07"]
[EventType "tourn (corr)"]
[EventRounds "6"]
[SourceTitle "Corr 2008"]
[Source "ChessBase"]
[SourceDate "2008.06.24"]
[SourceVersion "1"]
[SourceVersionDate "2008.06.24"]
[SourceQuality "1"]

1. e4 Nf6 2. Nc3 d5 3. e5 Nfd7 4. e6 fxe6 5. d4 c5 6. Nf3 Nc6 7. Nb5 a6 8. Nc3 Nf6 9. Bf4 cxd4 10. Nxd4 Qa5 11. Nf3 g6 12. Bd3 d4 13. 0-0 dxc3 14. b3 e5 15. Bc4 exf4 16. h4 e5 17. Ng5 Bg4 18. Bf7+ Ke7 19. f3 h6 20. fxg4 hxg5 21. Bxg6 Rxh4 22. Qf3 Nxg4 23. g3 Qb6+ 24. Kg2 Rh2# 0-1

[Event "IECG QN.2002.0.00219"]
[Site "IECG email"]
[Date "2002.04.07"]
[Round "?"]
[White "Simoni, William"]
[Black "Bondorowicz, Stefan"]
[Result "1-0"]
[WhiteElo "800"]
[BlackElo "800"]
[PlyCount "151"]
[EventDate "2002.04.07"]
[EventType "tourn (corr)"]
[EventRounds "6"]
[SourceTitle "Corr 2008"]
[Source "ChessBase"]
[SourceDate "2008.06.24"]
[SourceVersion "1"]
[SourceVersionDate "2008.06.24"]
[SourceQuality "1"]

1. e4 c5 2. Nf3 d6 3. d4 cxd4 4. Nxd4 Nf6 5. Nc3 a6 6. Bg5 e6 7. f4 Be7 8. Qf3 h6 9. Bh4 Nbd7 10. 0-0-0 Qc7 11. g4 g5 12. fxg5 Ne5 13. Qg3 Nfxg4 14. gxh6 Bxh4 15. Qxh4 Rxh6 16. Qg3 Rg6 17. Be2 Bd7 18. h3 Nf6 19. Qh4 0-0-0 20. Rhf1 Ne8 21. Bh5 Rg7 22. Qf4 Rh7 23. Bg4 Nxg4 24. Qxg4 Rg7 25. Qf3 Rh7 26. h4 Qc5 27. Rg1 Kb8 28. Rg5 e5 29. h5 f6 30. Nb3 Qc6 31. Rg3 Rc8 32. a3 Qc4 33. Rdg1 Qf7 34. Rg6 f5 35. Nd2 f4 36. h6 Nf6 37. Qd3 Rc6 38. Nd5 Ne8 39. Nc4 Qf8 40. Qb3 b5 41. Ncb6 Qf7 42. Nxd7+ Qxd7 43. Nb4 Rc4 44. Nxa6+ Kb7 45. Nb4 Rf7 46. Na2 f3 47. Nc3 f2 48. Rf1 Nc7 49. Nd1 Rxe4 50. Rxf2 Rxf2 51. Nxf2 Re1+ 52. Nd1 Rh1 53. Qd3 d5 54. Qe3 Qf7 55. Rb6+ Kc8 56. Qxe5 Qf3 57. Qd4 Qh5 58. h7 Qg5+ 59. Kb1 Rxh7 60. Nc3 Rh1+ 61. Ka2 Qg1 62. Qxg1 Rxg1 63. Nxb5 Nxb5 64. Rxb5 Rg2 65. c3 Rd2 66. a4 d4 67. c4 Kc7 68. Kb3 Rf2 69. a5 Kc6 70. Ka3 Rf3+ 71. b3 Re3 72. Rd5 Rd3 73. Ka4 Rd1 74. b4 Ra1+ 75. Kb3 Rb1+ 76. Ka3 1-0